000 00992nam a22002417a 4500
005 20240530110417.0
008 150308s2010 ua g 000 0 ara d
017 _a9574
_bمصر . دار الكتب المصرية
020 _a9773680878
040 _aEG-CaGPL
082 0 4 _221
_a291.03\
_bن ق
245 0 0 _aقاموس الاديان الكبرى الثلاثة :
_bاليهودية : المسيحية : الاسلام : انجليزى عربى /
_cجمع وتحقيه نور الدين خليل ؛ مراجعة محمود ادم
260 _aالاسكندرية :
_bمؤسسة حورس ،
_c2010
300 _a818 ص ؛
_c24 سم
650 0 4 _aالمعاجم
650 0 4 _aالاسلام
_vمعاجم
650 0 4 _aاليهودية
_vمعاجم
650 0 4 _aالمسيحية
_vمعاجم
650 0 4 _aالديانات المقارنه
_vمعاجم
700 0 _aنور الدين خليل
_eجمع و تحقيق
700 0 _aمحمود ادم
_eمراجع
942 _2ddc
_cBK
999 _c60575
_d60575